000 00791nas a2200253 4500
001 BR9604260
003 BR-BrBNA
005 20231205095759.0
007 ta
008 230509b bl.|||p| |||| 00| 00por d
040 _aBR-BrBNA
_bpor
_cBiblioteca Nacional de Agricultura
041 _a(Pt)
072 _aF03
100 1 _aAndrade de, A.C.S.
100 1 _aPereira, T.S.
245 1 _aEfeito do substrato e da temperatura na germinacao e no vigor de sementes de cedro Cedrela odorata L.(Meliaceae)
650 _aCedro
650 _aSemente
650 _aSubstrato de Cultura
650 _aGerminacao
773 0 _tRevista Brasileira de Sementes (Brazil)
_xISSN 0101-3122
_g(1994), v. 16(1) p. 34-40
_wBR9604260
909 _a202311
_bLúcia
_c55
_dLúcia Elande
942 _2AGRIS
_n0
_cANA
999 _c152674
_d152674